Personnages non canon de One Piece - Statistiques

Statistiques générales
  • Ce quiz a été pris 30 fois
  • Le résultat moyen est 10 sur 44
Statistiques - réponses
Par images Réponse % Correct
Zephyr
96%
Douglas Bullet
91%
Gild Tesoro
83%
Ain
48%
Baccarat
43%
Apis
39%
Carina
39%
Erik
30%
Lily Enstomach
30%
Accino
26%
Tanaka
26%
Tot Musica
26%
Bill
22%
Binz
22%
Byrnndi World
22%
El Drago
22%
Omatsuri
22%
Puzzle
22%
Bear King
17%
Gasparde
17%
Largo
17%
Mad Treasure
17%
Patrick Redfield
17%
Ann
13%
Gairam
13%
Grount
13%
Isaac
13%
Jessica
13%
Panz Fry
13%
Raise Max
13%
Zenny
13%
Adio Suerte
9%
Banban
9%
Biera
9%
Buena Festa
9%
Cidre
9%
Drake
9%
Lim
9%
Noko
9%
Simon
9%
Wetton
9%
Julie
4%
Karasuke
4%
Woonan
4%
Aucun quiz correspondant
Distribution des résultats
% des personnes avec chaque résultat
Percentile par nombre de réponses
Votre historique - résultats
Vous n’avez pas pris ce quiz